| 000 | 01504nam a2200433 i 4500 | ||
|---|---|---|---|
| 001 | 13186 | ||
| 003 | KOSZ 005 | ||
| 005 | 20250517063448.0 | ||
| 008 | 080228s1967 pl a f 001 0 pol | ||
| 015 | _aPB 1967/8400 | ||
| 040 |
_aWA N _cWA N _dKOSZ 005/RW _dKOSZ 005/HR |
||
| 041 | 1 |
_apol _hrus |
|
| 046 | _k1967 | ||
| 080 | _a621 | ||
| 100 | 1 |
_aKuznecov, Oleg Andreevič. _eAutor |
|
| 245 | 1 | 0 |
_aPomiar poziomu rozdziału dwóch cieczy / _cO. A. Kuzniecov ; tł. z ros. Mieczysław Berka. |
| 246 | 1 |
_iTyt. oryg.: _aAvtomatičeskij kontrol' urovnâ razdela dvuh sred. |
|
| 260 |
_aWarszawa : _bWydawnictwa Naukowo-Techniczne, _cdr. 1967. |
||
| 300 |
_a117, [3] s. : _bil. ; _c23 cm. |
||
| 336 |
_2rdacontent _aTekst _btxt |
||
| 337 |
_2rdamedia _aBez urządzenia pośredniczącego _bn |
||
| 338 |
_2rdacarrier _aWolumin _bnc |
||
| 380 | _aKsiążki. | ||
| 388 | _a1901-2000 | ||
| 388 | _a1945-1989 | ||
| 490 | 1 | _aAutomatyka. | |
| 504 | _aBibliogr. s. 109-[111]. Indeks. | ||
| 521 | 8 | _aDla inżynierów. | |
| 650 | 4 | _aAutomatyka | |
| 650 | 4 | _aUrządzenia | |
| 650 | 4 | _aCiecze | |
| 650 | 4 | _aPomiary | |
| 658 | _aInżynieria i technika | ||
| 700 | 1 |
_aBerka, Mieczysław _eTłumaczenie |
|
| 710 | 2 |
_aWydawnictwa Naukowo-Techniczne _4pbl. |
|
| 830 | 0 | _aAutomatyka (Wydawnictwa Naukowo-Techniczne) | |
| 856 |
_uhttp://koha.tu.koszalin.pl/cgi-bin/koha/opac-detail.pl?biblionumber=13186 _yKatalog online BPK |
||
| 942 |
_2UKD _cKS |
||
| 999 |
_c13186 _d13186 |
||